| 000 | 00653nam a2200133Ia 4500 | ||
|---|---|---|---|
| 008 | 171212s9999 xx 000 0 und d | ||
| 020 | _a9780833029287 | ||
| 100 | _aSeltzer, Judith R. | ||
| 245 |
_cSeltzer, Judith R. _aThe Origins and Evolution of Family Planning Programs in Developing Countries |
||
| 260 |
_bRAND Corporation _c2002 |
||
| 650 | _aBirth control -- Developing countries -- History; Federal aid to birth control -- Developing countries -- History; Birth control -- Developing countries -- Management; Population policy -- Developing countries | ||
| 650 | _aPopulation Studies | ||
| 856 | _uwww.jstor.org/stable/10.7249/mr1276wfhf-dlpf-rf | ||
| 999 |
_c352698 _d352698 |
||